000 00263nam a22001217a 4500
008 170510b xxu||||| |||| 00| 0 eng d
041 _aeng
080 _a347
100 _a15
101 _aSHJ
245 _aHUMAN RIGHT QUARTERLY
_cBIEFELDT.H
942 _2udc
_cBK
999 _c13061
_d13061